Korespondencja zawodowa Księgarni Polskiej Bernarda Połonieckiego we Lwowie
| Titel: | Korespondencja zawodowa Księgarni Polskiej Bernarda Połonieckiego we Lwowie / opracowała i wstępem opatrzyła Maria Konopka |
|---|---|
| Beteiligt: | |
| Veröffentlicht: | Warszawa : Biblioteka Narodowa, 2020 |
| Umfang: | 368 Seiten ; 24 cm |
| Format: | Buch |
| Sprache: | Polnisch |
| ISBN: | 9788370098308 ; 8370098304 |
| Hinweise zum Inhalt: |
Inhaltsverzeichnis
|
alg: 47605211 001A $03004:25-02-21 001B $01999:28-10-22 $t19:30:50.000 001D $03004:25-02-21 001U $0utf8 001X $00 002@ $0Aau 002C $aText $btxt $2rdacontent 002D $aohne Hilfsmittel zu benutzen $bn $2rdamedia 002E $aBand $bnc $2rdacarrier 003@ $0476052114 004A $A978-83-7009-830-8 004A $083-7009-830-4 006C $01236065675 $aOCoLC 007A $0476052114 $aHEB 007G $0DE02025797DE49E328F73C12586AF00314FC0 009P $qapplication/pdf $A2 $3Inhaltsverzeichnis $uhttp://scans.hebis.de/HEBCGI/show.pl?47605211_toc.pdf $mV:DE-603;B:DE-Mb50 010@ $apol 010E $erda 011@ $a2020 $n2020 013D $RQuelle $#Korrespondenz Briefsammlung $#Briefwechsel Briefsammlung $#Briefsammlungen $74146609-3 $8Briefsammlung [Ts1] $9085588547 013D $RQuellenforschung $#History -- Sources $#Histoire -- Sources $#Akten Formschlagwort $#Augenzeugenbericht Formschlagwort $#Texte Formschlagwort $#Historische Quelle $#Geschichtsquelle $#Quellensammlung $#Quellen $74135952-5 $8Quelle [Ts1] $9085503576 021A $aKorespondencja zawodowa Księgarni Polskiej Bernarda Połonieckiego we Lwowie $hopracowała i wstępem opatrzyła Maria Konopka 028C $BHerausgeber $4edt $D20220215 $Ecgwrk $8Konopka, Maria$Z1945- [Tp3] $9477095968 033A $pWarszawa $nBiblioteka Narodowa 034D $a368 Seiten 034I $a24 cm 037A $aLiteraturverzeichnis Seite 336-337, Index 044K $#Księgarnia Polska Bernarda Połonieckiego $71072934841 $8Księgarnia Polska$gLemberg [Tb1] $9360887414 044K $RBuchhandel $RVerleger $#Publishers and publishing $#Édition $#Buchverlag $#Verlagswesen $#Verlag $#Verlage $#Buchverlag $#Verlagsbuchhandlung $#Verlagswesen $#Verlagsbuchhandel $74063004-3 $8Verlag [Ts1] $9085176273 044K $RBrief $#Correspondence $#Correspondance $#Corrispondenza $#Korrespondenz Schriftverkehr $74180011-4 $8Schriftverkehr [Ts1] $9085858447 044K $RUrheber $RAutorin $#Authors $#Écrivains $#Autor $#Verfasser $#Autoren $74003982-1 $8Autor [Ts1] $9085002402 045F $a306.094770904 $eDDC23BSB 045F/01 $a306.09 045F/03 $f0904 045F/03 $g477 045F/03 $g438 045G $a002.094770904 $eDDC23BSB 045G/01 $a002.09 045G/03 $f0904 045G/03 $g477 045G/03 $g438 045R $aGeschichte 1899-1938 lok: 47605211 24 exp: 47605211 24 1 #EPN 201B/01 $017-03-21 $t12:52:05.000 201C/01 $025-02-21 201U/01 $0utf8 203@/01 $01143678737 208@/01 $a25-02-21 $bz 209A/01 $a21.00792 $du $f050 $h21 00792 $x00 209C/01 $a21.00792 T $h21 00792 T 209G/01 $a74385664 $x00 220C/01 $ajwa/lop 247C/01 $8358050-7Marburg, Bibliothek des Herder-Instituts Marburg $9102600961 lok: 47605211 78 exp: 47605211 78 1 #EPN 201B/01 $020-12-21 $t18:06:52.000 201C/01 $020-12-21 201U/01 $0utf8 203@/01 $01175360058 208@/01 $a20-12-21 $be 209A/01 $a/ $f000 $x00 209A/01 $ab*p $x01 220C/01 $aeja 244Z/01 $#Generalgouvernement Polen $#Polska $#Rzeczpospolita Polska $#Polska Rzeczpospolita Ludowa $#Poland $#Pologne $#République Polonaise $#Generalne Gubernatorstwo w Polsce $#Polish People's Republic $#Polska Rzeczpospolita Polen $#PRL $#RP $#Polen Generalgouvernement $#Polska Generalgouvernement $#Besetzte Polnische Gebiete $#Besetztes Gebiet in Polen $#Okupowane Polskie Obszary $#Obszary Okupowane w Polsce $#Volksrepublik Polen $#Polska Rosyjska $#Republic Polen $#Respublika Pol'ša $#Pol'skaja Narodnaja Respublika $#République de Pologne $#Polen Links der Weichsel $#Polska po Lewej Stronie Wisły $#Lenkija $#Polija $#Gubernija Carstva Pol'skago $#Republik Polen $74046496-9 $8--Tg1--Polen $x01 $9085129801 247C/01 $82080>Marburg/Lahn, Herder-Institut, Forschungsbibliothek, Bibliographieportal $9336309341
| LEADER | 00000cam a2200000 c 4500 | ||
|---|---|---|---|
| 001 | 476052114 | ||
| 003 | DE-603 | ||
| 005 | 20221028193050.0 | ||
| 007 | tu | ||
| 008 | 210225s2020 xx |||| | u00||u|pol c | ||
| 020 | |a 9788370098308 | ||
| 020 | |a 8370098304 | ||
| 035 | |a (DE-599)HEB476052114 | ||
| 040 | |a DE-603 |b ger |c DE-603 |d DE-603 |e rda | ||
| 041 | |a pol | ||
| 082 | 0 | 4 | |8 1\u |a 306.094770904 |q DE-101 |2 23/BSB |
| 083 | 0 | |8 2\u |a 002.094770904 |q DE-101 |2 23/BSB | |
| 085 | |8 1\u |b 306.09 | ||
| 085 | |8 1\u |z 1 |s 0904 | ||
| 085 | |8 1\u |z 2 |s 477 | ||
| 085 | |8 1\u |z 2 |s 438 | ||
| 085 | |8 2\u |b 002.09 | ||
| 085 | |8 2\u |z 1 |s 0904 | ||
| 085 | |8 2\u |z 2 |s 477 | ||
| 085 | |8 2\u |z 2 |s 438 | ||
| 245 | 0 | 0 | |a Korespondencja zawodowa Księgarni Polskiej Bernarda Połonieckiego we Lwowie |c opracowała i wstępem opatrzyła Maria Konopka |
| 264 | 1 | |a Warszawa |b Biblioteka Narodowa |c 2020 | |
| 300 | |a 368 Seiten |c 24 cm | ||
| 336 | |a Text |b txt |2 rdacontent | ||
| 337 | |a ohne Hilfsmittel zu benutzen |b n |2 rdamedia | ||
| 338 | |a Band |b nc |2 rdacarrier | ||
| 500 | |a Literaturverzeichnis Seite 336-337, Index | ||
| 610 | 1 | 7 | |a Księgarnia Polska |g Lemberg |2 gnd |0 (DE-588)1072934841 |0 (DE-603)360887414 |
| 648 | 7 | |a Geschichte 1899-1938 |2 gnd | |
| 650 | 7 | |a Verlag |0 (DE-588)4063004-3 |0 (DE-603)085176273 |2 gnd | |
| 650 | 7 | |a Schriftverkehr |0 (DE-588)4180011-4 |0 (DE-603)085858447 |2 gnd | |
| 650 | 7 | |a Autor |0 (DE-588)4003982-1 |0 (DE-603)085002402 |2 gnd | |
| 655 | 7 | |a Briefsammlung |2 gnd-content |0 (DE-588)4146609-3 |0 (DE-603)085588547 | |
| 655 | 7 | |a Quelle |2 gnd-content |0 (DE-588)4135952-5 |0 (DE-603)085503576 | |
| 700 | 1 | |a Konopka, Maria |d 1945- |e Herausgeber |4 edt |0 (DE-603)477095968 |0 (DE-588)1229532102 |2 gnd | |
| 856 | 4 | 2 | |m V:DE-603;B:DE-Mb50 |q application/pdf |u http://scans.hebis.de/HEBCGI/show.pl?47605211_toc.pdf |3 Inhaltsverzeichnis |
| 924 | 0 | |9 Mb 50 |a (DE-603)1143678737 |b DE-Mb50 |c HES |d c |g 21.00792 | |
| 924 | 0 | |9 2080 |a (DE-603)1175360058 |b DE-2080 |c HES |d d |g / | |


